Statistics for E7 Nations-The Emerging Seven

Click here to take the quiz!

General Stats

  • This quiz has been taken 29 times
  • The average score is 6 of 7

Answer Stats

Answer% Correct
Brazil
93%
India
89%
Mexico
89%
China
86%
Indonesia
86%
Russia
86%
Turkey
79%

Score Distribution

Percentile by Number Answered

Percent of People with Each Score

Your Score History

You have not taken this quiz